Modely ekonomickej demokracie: prípad korporácie Mondragón bakalárska práca

Salvato in:
Dettagli Bibliografici
Autore principale: Pavlíková, Vanesa
Ente Autore: Fakulta medzinárodných vzťahov EU. Katedra medzinárodných politických vzťahov
Altri autori: Augustín, Michael, 1991-
Natura: Libro
Lingua:slovacco
Pubblicazione: Bratislava 2024
Tags: Aggiungi Tag
Nessun Tag, puoi essere il primo ad aggiungerne!!

MARC

LEADER 00000nbm a2200000 4500
001 0301761
005 20250226111222.9
041 0 |a slo 
044 |a SK 
245 1 0 |a Modely ekonomickej demokracie: prípad korporácie Mondragón  |b bakalárska práca  |c Vanesa Pavlíková ; školiteľ: Michael Augustín 
264 1 |a Bratislava  |c 2024 
300 |a 49 s. 
100 1 |a Pavlíková, Vanesa 
700 1 |a Augustín, Michael, 1991- 
710 2 |a Fakulta medzinárodných vzťahov EU. Katedra medzinárodných politických vzťahov